Unit operations of sanitary engineering (Record no. 24058)

000 -LEADER
fixed length control field 00505nam a22001931a 4500
001 - CONTROL NUMBER
control field 24058
003 - CONTROL NUMBER IDENTIFIER
control field BD-DhUET
008 - FIXED-LENGTH DATA ELEMENTS--GENERAL INFORMATION
fixed length control field 750916s1961 nyua b 001 0 eng
040 ## - CATALOGING SOURCE
Original cataloging agency DLC
Transcribing agency FMU
Modifying agency BD-DhUET
082 ## - DEWEY DECIMAL CLASSIFICATION NUMBER
Classification number 628
Item number RIC/1961
100 ## - MAIN ENTRY--PERSONAL NAME
Personal name Rich, Linvil G.
245 10 - TITLE STATEMENT
Title Unit operations of sanitary engineering
250 ## - EDITION STATEMENT
Edition statement 1st ed.
260 ## - PUBLICATION, DISTRIBUTION, ETC. (IMPRINT)
Place of publication, distribution, etc. New York
Name of publisher, distributor, etc. John Wiley
Date of publication, distribution, etc. 1961
300 ## - PHYSICAL DESCRIPTION
Extent xi, 308 p.
Other physical details ill.
Dimensions 24 cm.
504 ## - BIBLIOGRAPHY, ETC. NOTE
Bibliography, etc Includes bibliographies
650 #0 - SUBJECT ADDED ENTRY--TOPICAL TERM
Topical term or geographic name as entry element Sanitary Engineering
942 ## - ADDED ENTRY ELEMENTS (KOHA)
Koha item type General Book
Holdings
Source of classification or shelving scheme Koha date last seen Date acquired Not for loan Price effective from Shelving location Location (home branch) Lost status Damaged status Sublocation or collection (holding branch) Koha normalized classification for sorting Koha full call number Koha item type Withdrawn status Piece designation (barcode) Copy number
 2015-05-062015-05-06 2015-05-06Circulation sectionCentral Library, BUET  Central Library, BUET628_000000000000000_RIC_1961628/RIC/1961General Book 250231
 2015-05-072015-05-07 2015-05-07Circulation sectionCentral Library, BUET  Central Library, BUET628_000000000000000_RIC_1961628/RIC/1961General Book 119592
 2015-05-092015-05-09 2015-05-09Circulation sectionCentral Library, BUET  Central Library, BUET628_000000000000000_RIC_1961628/RIC/1961General Book 201213
 2015-05-092015-05-09 2015-05-09Circulation sectionCentral Library, BUET  Central Library, BUET628_000000000000000_RIC_1961628/RIC/1961General Book 147034
 2015-05-092015-05-09 2015-05-09Circulation sectionCentral Library, BUET  Central Library, BUET628_000000000000000_RIC_1961628/RIC/1961General Book 250245
 2015-05-092015-05-09 2015-05-09Circulation sectionCentral Library, BUET  Central Library, BUET628_000000000000000_RIC_1961628/RIC/1961General Book 201206